[Event "Campeonato España Sub 14"]
[Site "Salobreña"]
[Date "2017.07.21"]
[Round "8"]
[White "Castro Quijano, Eduardo"]
[Black "Ingunza Curro, Andres"]
[Result "1/2-1/2"]
[Board "18"]
[WhiteClock "1:30"]
[WhiteElo "1702"]
[WhiteCountry "ESP"]
[WhiteFideId "24507407"]
[WhiteEloChange "7"]
[BlackClock "1:30"]
[BlackElo "1992"]
[BlackCountry "ESP"]
[BlackFideId "24526371"]
[BlackEloChange "-7"]

1. e4 {[%clk 1:30:00]} c5 {[%clk 1:30:00]} 2. Nf3 {[%clk 1:30:00]} d6 {[%clk
1:30:00]} 3. d4 {[%clk 1:30:00]} cxd4 {[%clk 1:30:00]} 4. Nxd4 {[%clk 1:31:00]}
Nf6 {[%clk 1:31:00]} 5. Nc3 {[%clk 1:31:00]} g6 {[%clk 1:31:00]} 6. Be3 {[%clk
1:32:00]} Bg7 {[%clk 1:31:00]} 7. f3 {[%clk 1:32:00]} O-O {[%clk 1:32:00]} 8. Qd2
{[%clk 1:32:00]} Nc6 {[%clk 1:32:00]} 9. O-O-O {[%clk 1:33:00]} d5 {[%clk
1:32:00]} 10. exd5 {[%clk 1:33:00]} Nxd5 {[%clk 1:32:00]} 11. Nxc6 {[%clk
1:33:00]} bxc6 {[%clk 1:33:00]} 12. Bd4 {[%clk 1:33:00]} Bxd4 {[%clk 1:29:00]}
13. Qxd4 {[%clk 1:34:00]} Qb6 {[%clk 1:29:00]} 14. Nxd5 {[%clk 1:29:00]} cxd5
{[%clk 1:28:00]} 15. h4 {[%clk 1:29:00]} Qxd4 {[%clk 1:15:00]} 16. Rxd4 {[%clk
1:30:00]} Be6 {[%clk 1:15:00]} 17. g4 {[%clk 1:28:00]} Rac8 {[%clk 0:55:00]} 18.
g5 {[%clk 1:25:00]} Rc7 {[%clk 0:44:00]} 19. c3 {[%clk 1:24:00]} Kg7 {[%clk
0:39:00]} 20. f4 {[%clk 1:23:00]} Bf5 {[%clk 0:38:00]} 21. Bd3 {[%clk 1:19:00]}
Bxd3 {[%clk 0:38:00]} 22. Rxd3 {[%clk 1:20:00]} e6 {[%clk 0:37:00]} 23. Rd4
{[%clk 1:20:00]} Rfc8 {[%clk 0:37:00]} 24. Kd2 {[%clk 1:19:00]} Kf8 {[%clk
0:35:00]} 25. Re1 {[%clk 1:18:00]} Rb8 {[%clk 0:34:00]} 26. b3 {[%clk 1:18:00]}
Rbc8 {[%clk 0:34:00]} 27. Rc1 {[%clk 1:19:00]} Ke7 {[%clk 0:33:00]} 28. Kd3
{[%clk 1:19:00]} h6 {[%clk 0:24:00]} 29. c4 {[%clk 1:19:00]} hxg5 {[%clk
0:23:00]} 30. hxg5 {[%clk 1:19:00]} Rh8 {[%clk 0:23:00]} 31. Re1 {[%clk 1:18:00]}
Rh3+ {[%clk 0:22:00]} 32. Re3 {[%clk 1:19:00]} Rxe3+ {[%clk 0:20:00]} 33. Kxe3
{[%clk 1:19:00]} Kd6 {[%clk 0:20:00]} 34. Rd1 {[%clk 1:19:00]} Rd7 {[%clk
0:17:58]} 35. b4 {[%clk 1:17:00]} a5 {[%clk 0:14:05]} 36. c5+ {[%clk 1:17:00]}
Kc6 {[%clk 0:14:27]} 37. a3 {[%clk 1:17:00]} axb4 {[%clk 0:13:23]} 38. axb4
{[%clk 1:16:00]} Kb5 {[%clk 0:13:04]} 39. Rb1 {[%clk 1:16:00]} d4+ {[%clk
0:06:02]} 40. Ke4 {[%clk 1:16:00]} d3 {[%clk 0:05:52]} 41. c6 {[%clk 1:07:00]}
Kxc6 {[%clk 0:04:15]} 42. Rd1 {[%clk 1:07:00]} d2 {[%clk 0:04:29]} 43. Ke3 {[%clk
1:07:00]} Rb7 {[%clk 0:04:41]} 44. Rxd2 {[%clk 1:07:00]} Rxb4 {[%clk 0:05:04]}
45. Rd8 {[%clk 1:07:00]} Rb5 {[%clk 0:03:40]} 46. Ke4 {[%clk 1:07:00]} Rf5 {[%clk
0:02:51]} 47. Ra8 {[%clk 1:00:00]} Kd7 {[%clk 0:01:50]} 48. Ra7+ {[%clk 1:01:00]}
Ke8 {[%clk 0:02:11]} 49. Ra8+ {[%clk 1:01:00]} Ke7 {[%clk 0:02:32]} 50. Ra7+
{[%clk 1:01:00]} Kf8 {[%clk 0:02:57]} 51. Ra8+ {[%clk 1:02:00]} Kg7 {[%clk
0:03:28]} 52. Re8 {[%clk 1:02:00]} f6 {[%clk 0:01:33]} 53. Re7+ {[%clk 1:02:00]}
Kf8 {[%clk 0:01:42]} 54. Rxe6 {[%clk 1:02:00]} fxg5 {[%clk 0:01:20]} 55. Rxg6
{[%clk 1:03:00]} Rxf4+ {[%clk 1:03:00]} 56. Ke5 {[%clk 0:01:58]} Rg4 {[%clk
1:03:00]} 1/2-1/2

[Event "Campeonato España Sub 14"]
[Site "Salobreña"]
[Date "2017.07.21"]
[Round "8"]
[White "Rodriguez Ferreiros, Andres"]
[Black "Aledo Yanguas, David"]
[Result "1-0"]
[Board "19"]
[WhiteClock "1:30"]
[WhiteElo "1684"]
[WhiteCountry "ESP"]
[WhiteFideId "32066201"]
[WhiteEloChange "17"]
[BlackClock "1:30"]
[BlackElo "1992"]
[BlackCountry "ESP"]
[BlackFideId "22287108"]
[BlackEloChange "-17"]

1. e4 {[%clk 1:30:00]} e6 {[%clk 1:30:00]} 2. d4 {[%clk 1:28:00]} d5 {[%clk
1:31:00]} 3. exd5 {[%clk 1:26:00]} exd5 {[%clk 1:31:00]} 4. Bd3 {[%clk 1:25:00]}
Bd6 {[%clk 1:31:00]} 5. c3 {[%clk 1:24:00]} Be6 {[%clk 1:31:00]} 6. Nf3 {[%clk
1:22:00]} Nd7 {[%clk 1:31:00]} 7. Nbd2 {[%clk 1:17:00]} Ngf6 {[%clk 1:30:00]} 8.
b4 {[%clk 1:14:00]} Nh5 {[%clk 1:28:00]} 9. Nb3 {[%clk 1:08:00]} Nf4 {[%clk
1:27:00]} 10. Bxf4 {[%clk 1:07:00]} Bxf4 {[%clk 1:28:00]} 11. Nc5 {[%clk
1:03:00]} Nxc5 {[%clk 1:28:00]} 12. bxc5 {[%clk 1:02:00]} c6 {[%clk 1:28:00]} 13.
Rb1 {[%clk 0:59:00]} Qe7 {[%clk 1:27:00]} 14. O-O {[%clk 0:55:00]} O-O {[%clk
1:27:00]} 15. Qc2 {[%clk 0:52:00]} h5 {[%clk 1:26:00]} 16. g3 {[%clk 0:46:00]}
Bg4 {[%clk 1:24:00]} 17. Rfe1 {[%clk 0:45:00]} Qf6 {[%clk 1:23:00]} 18. Ne5
{[%clk 0:45:00]} Bxe5 {[%clk 1:20:00]} 19. Rxe5 {[%clk 0:44:00]} Rae8 {[%clk
1:19:00]} 20. h3 {[%clk 0:41:00]} Rxe5 {[%clk 1:06:00]} 21. dxe5 {[%clk 0:41:00]}
Qxe5 {[%clk 1:07:00]} 22. hxg4 {[%clk 0:41:00]} hxg4 {[%clk 1:07:00]} 23. Rxb7
{[%clk 0:37:00]} g6 {[%clk 1:04:00]} 24. Bxg6 {[%clk 0:34:00]} Kg7 {[%clk
1:04:00]} 25. Qf5 {[%clk 0:33:00]} Qxc3 {[%clk 1:04:00]} 26. Bxf7 {[%clk
0:28:00]} Qf6 {[%clk 0:59:00]} 27. Be6+ {[%clk 0:28:00]} 1-0

[Event "Campeonato España Sub 14"]
[Site "Salobreña"]
[Date "2017.07.21"]
[Round "8"]
[White "Cuellar Montes, Alejandro"]
[Black "Buitron Ramil, David"]
[Result "1-0"]
[Board "20"]
[WhiteClock "1:30"]
[WhiteElo "1990"]
[WhiteCountry "ESP"]
[WhiteFideId "32096836"]
[WhiteEloChange "5"]
[BlackClock "1:30"]
[BlackElo "1795"]
[BlackCountry "ESP"]
[BlackFideId "24519731"]
[BlackEloChange "-5"]

1. d4 {[%clk 1:30:00]} Nf6 {[%clk 1:30:00]} 2. c4 {[%clk 1:31:00]} e6 {[%clk
1:31:00]} 3. Nc3 {[%clk 1:31:00]} d5 {[%clk 1:30:00]} 4. cxd5 {[%clk 1:32:00]}
exd5 {[%clk 1:31:00]} 5. Bg5 {[%clk 1:31:00]} Be7 {[%clk 1:31:00]} 6. Qc2 {[%clk
1:31:00]} O-O {[%clk 1:31:00]} 7. e3 {[%clk 1:31:00]} Nbd7 {[%clk 1:29:00]} 8.
Bd3 {[%clk 1:31:00]} h6 {[%clk 1:30:00]} 9. Bh4 {[%clk 1:31:00]} Re8 {[%clk
1:29:00]} 10. Nge2 {[%clk 1:30:00]} a6 {[%clk 1:23:00]} 11. O-O {[%clk 1:28:00]}
c5 {[%clk 1:22:00]} 12. dxc5 {[%clk 1:22:00]} Nxc5 {[%clk 1:19:00]} 13. Bf5
{[%clk 1:19:00]} Nce4 {[%clk 1:15:00]} 14. Bxe4 {[%clk 1:13:00]} dxe4 {[%clk
1:14:00]} 15. Rfd1 {[%clk 1:10:00]} Qa5 {[%clk 1:07:00]} 16. h3 {[%clk 0:50:00]}
g5 {[%clk 0:53:00]} 17. Bg3 {[%clk 0:51:00]} Bf5 {[%clk 0:53:00]} 18. a3 {[%clk
0:44:00]} Rac8 {[%clk 0:52:00]} 19. Nd4 {[%clk 0:43:00]} Bg6 {[%clk 0:51:00]} 20.
Qd2 {[%clk 0:29:00]} Qd8 {[%clk 0:43:00]} 21. Qe1 {[%clk 0:24:00]} Bh5 {[%clk
0:39:00]} 22. Rd2 {[%clk 0:23:00]} Bf8 {[%clk 0:31:00]} 23. Nf5 {[%clk 0:12:57]}
Qa5 {[%clk 0:31:00]} 24. Nd6 {[%clk 0:11:48]} Bxd6 {[%clk 0:31:00]} 25. Rxd6
{[%clk 0:12:10]} Rc6 {[%clk 0:24:00]} 26. Qd2 {[%clk 0:10:12]} Qb6 {[%clk
0:24:00]} 27. Rd4 {[%clk 0:07:42]} Rce6 {[%clk 0:17:27]} 28. a4 {[%clk 0:06:18]}
Qc5 {[%clk 0:10:28]} 29. Rc1 {[%clk 0:06:16]} Qf5 {[%clk 0:10:09]} 30. Nd5 {[%clk
0:06:14]} Nxd5 {[%clk 0:09:37]} 31. Rxd5 {[%clk 0:06:37]} Qf6 {[%clk 0:09:21]}
32. b4 {[%clk 0:01:59]} Rc6 {[%clk 0:06:49]} 33. b5 {[%clk 0:01:26]} axb5 {[%clk
0:05:43]} 34. axb5 {[%clk 0:01:51]} Rxc1+ {[%clk 0:05:16]} 35. Qxc1 {[%clk
0:02:16]} Re7 {[%clk 0:01:22]} 36. Qc8+ {[%clk 0:01:35]} Kh7 {[%clk 0:01:46]} 37.
Qc1 {[%clk 0:01:24]} Qg7 {[%clk 0:01:54]} 38. Bd6 {[%clk 0:01:10]} Re8 {[%clk
0:01:26]} 39. Ba3 {[%clk 0:00:49]} f6 {[%clk 0:00:51]} 40. Bb2 {[%clk 0:01:00]}
Re7 {[%clk 0:01:02]} 41. b6 {[%clk 0:01:15]} Be8 {[%clk 0:01:05]} 42. Rd6 {[%clk
0:00:56]} Rf7 {[%clk 0:00:51]} 43. Qc3 {[%clk 0:00:50]} Bc6 {[%clk 0:00:52]} 44.
Qc5 {[%clk 0:00:50]} Qf8 {[%clk 0:00:36]} 45. Qf5+ {[%clk 0:00:51]} Kg7 {[%clk
0:00:58]} 46. Qe6 {[%clk 0:00:34]} Qe8 {[%clk 0:00:48]} 47. Bxf6+ {[%clk
0:00:47]} Kh7 {[%clk 0:00:37]} 48. Qf5+ {[%clk 0:01:12]} Kg8 {[%clk 0:00:58]} 49.
Qg6+ {[%clk 0:01:12]} 1-0

[Event "Campeonato España Sub 14"]
[Site "Salobreña"]
[Date "2017.07.21"]
[Round "8"]
[White "Riu Lopez, Sergi"]
[Black "Amengual Perello, Jordi"]
[Result "1/2-1/2"]
[Board "21"]
[WhiteClock "n/a"]
[WhiteElo "1982"]
[WhiteCountry "ESP"]
[WhiteFideId "32087047"]
[WhiteEloChange "-6"]
[BlackClock "n/a"]
[BlackElo "1727"]
[BlackCountry "ESP"]
[BlackFideId "24571920"]
[BlackEloChange "6"]

1. e4 {[%clk 1:30:30]} e5 {[%clk 1:30:30]} 2. Nf3 {[%clk 1:30:30]} Nf6 {[%clk
1:30:30]} 3. Nxe5 {[%clk 1:30:30]} d6 {[%clk 1:30:30]} 4. Nf3 {[%clk 1:30:30]}
Nxe4 {[%clk 1:30:30]} 5. Nc3 {[%clk 1:30:30]} Nxc3 {[%clk 1:30:30]} 6. dxc3
{[%clk 1:30:30]} Be7 {[%clk 1:30:30]} 7. Be3 {[%clk 1:30:30]} Nc6 {[%clk
1:30:30]} 8. Qd2 {[%clk 1:30:30]} Be6 {[%clk 1:30:30]} 9. O-O-O {[%clk 1:30:30]}
Qd7 {[%clk 1:30:30]} 10. Kb1 {[%clk 1:30:30]} O-O-O {[%clk 1:30:30]} 11. Nd4
{[%clk 1:30:30]} Nxd4 {[%clk 1:30:30]} 12. Bxd4 {[%clk 1:30:30]} Rhg8 {[%clk
1:30:30]} 13. a3 {[%clk 1:30:30]} Kb8 {[%clk 1:30:30]} 14. f3 {[%clk 1:30:30]} c5
{[%clk 1:30:30]} 15. Bf2 {[%clk 1:30:30]} d5 {[%clk 1:30:30]} 16. Qe3 {[%clk
1:30:30]} Qc6 {[%clk 1:30:30]} 17. f4 {[%clk 1:30:30]} Bd6 {[%clk 1:30:30]} 18.
Qf3 {[%clk 1:30:30]} g6 {[%clk 1:30:30]} 19. Bh4 {[%clk 1:30:30]} Rd7 {[%clk
1:30:30]} 20. Be2 {[%clk 1:30:30]} Be7 {[%clk 1:30:30]} 21. Bf2 {[%clk 1:30:30]}
Bf5 {[%clk 1:30:30]} 22. Bd3 {[%clk 1:30:30]} Be4 {[%clk 1:30:30]} 23. Qh3 {[%clk
1:30:30]} Bxd3 {[%clk 1:30:30]} 24. Rxd3 {[%clk 1:30:30]} h5 {[%clk 1:30:30]} 25.
f5 {[%clk 1:30:30]} Rgd8 {[%clk 1:30:30]} 26. fxg6 {[%clk 1:30:30]} fxg6 {[%clk
1:30:30]} 27. Re1 {[%clk 1:30:30]} Qf6 {[%clk 1:30:30]} 28. Rf3 {[%clk 1:30:30]}
Qh8 {[%clk 1:30:30]} 29. Qg3+ {[%clk 1:30:30]} Bd6 {[%clk 1:30:30]} 30. Qxg6
{[%clk 1:30:30]} Rg7 {[%clk 1:30:30]} 31. Qe6 {[%clk 1:30:30]} Rxg2 {[%clk
1:30:30]} 32. Rf7 {[%clk 1:30:30]} Rg7 {[%clk 1:30:30]} 33. Rxg7 {[%clk 1:30:30]}
Qxg7 {[%clk 1:30:30]} 34. Qxd5 {[%clk 1:30:30]} Qf8 {[%clk 1:30:30]} 35. Qg2
{[%clk 1:30:30]} Qg8 {[%clk 1:30:30]} 36. Qh3 {[%clk 1:30:30]} Qg4 {[%clk
1:30:30]} 37. Qd3 {[%clk 1:30:30]} Bc7 {[%clk 1:30:30]} 38. Qe3 {[%clk 1:30:30]}
Rd1+ {[%clk 1:30:30]} 39. Rxd1 {[%clk 1:30:30]} Qxd1+ {[%clk 1:30:30]} 40. Ka2
{[%clk 1:30:30]} Bxh2 {[%clk 1:30:30]} 41. Qxc5 {[%clk 1:30:30]} b6 {[%clk
1:30:30]} 42. Qf8+ {[%clk 1:30:30]} Kb7 {[%clk 1:30:30]} 43. Qf7+ {[%clk
1:30:30]} Ka6 {[%clk 1:30:30]} 44. Qc4+ {[%clk 1:30:30]} Kb7 {[%clk 1:30:30]} 45.
Qe4+ {[%clk 1:30:30]} Ka6 {[%clk 1:30:30]} 46. Qc4+ {[%clk 1:30:30]} Kb7 {[%clk
1:30:30]} 47. Qh4 {[%clk 1:30:30]} Bc7 {[%clk 1:30:30]} 48. Qe4+ {[%clk 1:30:30]}
Kb8 {[%clk 1:30:30]} 49. Qe8+ {[%clk 1:30:30]} Kb7 {[%clk 1:30:30]} 50. Qf7
{[%clk 1:30:30]} Qg4 {[%clk 1:30:30]} 51. Qd5+ {[%clk 1:30:30]} 1/2-1/2

[Event "Campeonato España Sub 14"]
[Site "Salobreña"]
[Date "2017.07.21"]
[Round "8"]
[White "Canavate Ros, Adrian"]
[Black "Soto Martin, Miguel"]
[Result "1/2-1/2"]
[Board "22"]
[WhiteClock "1:30"]
[WhiteElo "1702"]
[WhiteCountry "ESP"]
[WhiteFideId "32070543"]
[WhiteEloChange "5"]
[BlackClock "1:30"]
[BlackElo "1881"]
[BlackCountry "ESP"]
[BlackFideId "32035195"]
[BlackEloChange "-5"]

1. Nf3 {[%clk 1:30:00]} Nf6 {[%clk 1:30:00]} 2. d4 {[%clk 1:31:00]} g6 {[%clk
1:31:00]} 3. c4 {[%clk 1:31:00]} Bg7 {[%clk 1:31:00]} 4. Nc3 {[%clk 1:31:00]} O-O
{[%clk 1:32:00]} 5. g3 {[%clk 1:31:00]} d6 {[%clk 1:32:00]} 6. Bg2 {[%clk
1:32:00]} Nbd7 {[%clk 1:32:00]} 7. O-O {[%clk 1:32:00]} e5 {[%clk 1:32:00]} 8. e4
{[%clk 1:32:00]} a5 {[%clk 1:31:00]} 9. Re1 {[%clk 1:31:00]} Re8 {[%clk 1:24:00]}
10. h3 {[%clk 1:29:00]} exd4 {[%clk 1:20:00]} 11. Nxd4 {[%clk 1:29:00]} Nc5
{[%clk 1:20:00]} 12. b3 {[%clk 1:23:00]} Nfd7 {[%clk 1:18:00]} 13. Be3 {[%clk
1:20:00]} Ne6 {[%clk 1:15:00]} 14. Qd2 {[%clk 1:16:00]} Ndc5 {[%clk 0:56:00]} 15.
Rad1 {[%clk 1:10:00]} Bd7 {[%clk 0:38:00]} 16. Kh2 {[%clk 1:00:00]} Bc6 {[%clk
0:37:00]} 17. Nd5 {[%clk 0:54:00]} Bxd5 {[%clk 0:36:00]} 18. exd5 {[%clk
0:53:00]} Nxd4 {[%clk 0:35:00]} 19. Bxd4 {[%clk 0:52:00]} Bxd4 {[%clk 0:33:00]}
20. Qxd4 {[%clk 0:52:00]} Qd7 {[%clk 0:31:00]} 21. Qc3 {[%clk 0:46:00]} b6 {[%clk
0:31:00]} 22. a3 {[%clk 0:39:00]} Rxe1 {[%clk 0:30:00]} 23. Rxe1 {[%clk 0:38:00]}
Re8 {[%clk 0:30:00]} 24. Rxe8+ {[%clk 0:32:00]} Qxe8 {[%clk 0:30:00]} 25. b4
{[%clk 0:31:00]} axb4 {[%clk 0:25:00]} 26. axb4 {[%clk 0:31:00]} Nd7 {[%clk
0:25:00]} 27. Qc2 {[%clk 0:24:00]} Qe1 {[%clk 0:23:00]} 28. b5 {[%clk 0:21:00]}
Nc5 {[%clk 0:19:36]} 29. Bf3 {[%clk 0:18:11]} Qe5 {[%clk 0:14:16]} 30. Kg2 {[%clk
0:15:00]} Qd4 {[%clk 0:14:16]} 1/2-1/2

[Event "Campeonato España Sub 14"]
[Site "Salobreña"]
[Date "2017.07.21"]
[Round "8"]
[White "Jimenez Fernandez, Rebeca"]
[Black "Pozo Prior, Jose Antonio"]
[Result "0-1"]
[Board "23"]
[WhiteClock "1:30"]
[WhiteElo "1676"]
[WhiteCountry "ESP"]
[WhiteFideId "32070934"]
[WhiteEloChange "-5"]
[BlackClock "1:30"]
[BlackElo "1856"]
[BlackCountry "ESP"]
[BlackFideId "32047657"]
[BlackEloChange "5"]

1. e4 {[%clk 1:30:00]} c5 {[%clk 1:30:00]} 2. Nf3 {[%clk 1:31:00]} Nc6 {[%clk
1:30:00]} 3. d3 {[%clk 1:31:00]} g6 {[%clk 1:30:00]} 4. g3 {[%clk 1:32:00]} Bg7
{[%clk 1:30:00]} 5. Bg2 {[%clk 1:32:00]} Nf6 {[%clk 1:29:00]} 6. O-O {[%clk
1:32:00]} O-O {[%clk 1:30:00]} 7. c3 {[%clk 1:32:00]} d6 {[%clk 1:27:00]} 8. Re1
{[%clk 1:30:00]} Qb6 {[%clk 1:26:00]} 9. Nbd2 {[%clk 1:29:00]} Bg4 {[%clk
1:26:00]} 10. h3 {[%clk 1:25:00]} Bd7 {[%clk 1:26:00]} 11. Nf1 {[%clk 1:23:00]}
Qc7 {[%clk 1:23:00]} 12. Bd2 {[%clk 1:21:00]} Ne5 {[%clk 1:19:00]} 13. Nxe5
{[%clk 1:16:00]} dxe5 {[%clk 1:18:00]} 14. Rc1 {[%clk 1:09:00]} Qb6 {[%clk
1:17:00]} 15. Qc2 {[%clk 1:07:00]} Be6 {[%clk 1:10:00]} 16. Be3 {[%clk 1:04:00]}
Qd6 {[%clk 1:08:00]} 17. Red1 {[%clk 1:02:00]} Rac8 {[%clk 1:07:00]} 18. Nd2
{[%clk 0:58:00]} Rfd8 {[%clk 0:56:00]} 19. Nf3 {[%clk 0:55:00]} Ne8 {[%clk
0:54:00]} 20. Ng5 {[%clk 0:50:00]} Nc7 {[%clk 0:44:00]} 21. Nxe6 {[%clk 0:46:00]}
Nxe6 {[%clk 0:44:00]} 22. h4 {[%clk 0:45:00]} h5 {[%clk 0:41:00]} 23. Bh3 {[%clk
0:43:00]} Rc7 {[%clk 0:33:00]} 24. Qb3 {[%clk 0:40:00]} b6 {[%clk 0:30:00]} 25.
a4 {[%clk 0:39:00]} Nf8 {[%clk 0:25:00]} 26. Qa3 {[%clk 0:31:00]} e6 {[%clk
0:19:44]} 27. a5 {[%clk 0:25:00]} Rcd7 {[%clk 0:12:33]} 28. b4 {[%clk 0:22:00]}
cxb4 {[%clk 0:11:50]} 29. cxb4 {[%clk 0:23:00]} bxa5 {[%clk 0:10:32]} 30. Qxa5
{[%clk 0:23:00]} Qb8 {[%clk 0:09:58]} 31. Bf1 {[%clk 0:20:00]} Rb7 {[%clk
0:09:12]} 32. Rc4 {[%clk 0:19:29]} Nd7 {[%clk 0:08:07]} 33. Rdc1 {[%clk 0:18:02]}
Nb6 {[%clk 0:08:17]} 34. Rc6 {[%clk 0:18:07]} Bf8 {[%clk 0:07:30]} 35. d4 {[%clk
0:13:33]} exd4 {[%clk 0:05:46]} 36. Bf4 {[%clk 0:13:46]} Qa8 {[%clk 0:06:04]} 37.
Bc7 {[%clk 0:12:43]} Rc8 {[%clk 0:04:52]} 38. Bxb6 {[%clk 0:12:20]} axb6 {[%clk
0:04:45]} 39. Rxc8 {[%clk 0:09:41]} Qxc8 {[%clk 0:04:59]} 40. Rxc8 {[%clk
0:09:11]} bxa5 {[%clk 0:05:27]} 41. bxa5 {[%clk 0:10:00]} Ra7 {[%clk 0:05:20]}
42. a6 {[%clk 0:10:05]} Kg7 {[%clk 0:05:28]} 43. e5 {[%clk 0:10:19]} Bb4 {[%clk
0:04:36]} 44. Rb8 {[%clk 0:09:30]} Ba5 {[%clk 0:04:20]} 45. Kg2 {[%clk 0:08:55]}
Bc7 {[%clk 0:04:18]} 46. Rb4 {[%clk 0:07:28]} Bxe5 {[%clk 0:03:27]} 47. f4 {[%clk
0:07:49]} Bc7 {[%clk 0:03:17]} 48. Rxd4 {[%clk 0:08:09]} Bb6 {[%clk 0:03:17]} 49.
Rb4 {[%clk 0:07:55]} Bc5 {[%clk 0:03:40]} 50. Rb5 {[%clk 0:08:26]} Bd6 {[%clk
0:03:39]} 51. Rb2 {[%clk 0:08:30]} Kf6 {[%clk 0:03:17]} 52. Kf3 {[%clk 0:08:55]}
Bc5 {[%clk 0:03:58]} 53. Ke4 {[%clk 0:08:42]} Rd7 {[%clk 0:03:35]} 54. Rb7 {[%clk
0:07:55]} Rxb7 {[%clk 0:03:35]} 55. axb7 {[%clk 0:08:18]} Ba7 {[%clk 0:03:58]}
56. Be2 {[%clk 0:08:07]} Ke7 {[%clk 0:03:25]} 57. g4 {[%clk 0:07:55]} hxg4 {[%clk
0:03:48]} 58. Bxg4 {[%clk 0:07:53]} f5+ {[%clk 0:04:13]} 59. Kf3 {[%clk 0:08:36]}
fxg4+ {[%clk 0:04:37]} 60. Kxg4 {[%clk 0:09:01]} Kf6 {[%clk 0:04:53]} 61. f5
{[%clk 0:06:46]} exf5+ {[%clk 0:05:16]} 62. Kf4 {[%clk 0:06:52]} Bb8+ {[%clk
0:05:42]} 63. Kf3 {[%clk 0:06:49]} g5 {[%clk 0:06:01]} 64. hxg5+ {[%clk 0:07:07]}
Kxg5 {[%clk 0:06:27]} 65. Kf2 {[%clk 0:07:18]} Kf4 {[%clk 0:06:49]} 66. Ke1
{[%clk 0:06:32]} Kg3 {[%clk 0:06:58]} 67. Kf1 {[%clk 0:06:57]} Kf3 {[%clk
0:07:20]} 68. Kg1 {[%clk 0:06:58]} Ke2 {[%clk 0:07:20]} 0-1

[Event "Campeonato España Sub 14"]
[Site "Salobreña"]
[Date "2017.07.21"]
[Round "8"]
[White "Duller Llopis, Jouke"]
[Black "Gonzalez Guedes, Iyan"]
[Result "1/2-1/2"]
[Board "24"]
[WhiteClock "1:30"]
[WhiteElo "1631"]
[WhiteCountry "ESP"]
[WhiteFideId "32048998"]
[WhiteEloChange "6"]
[BlackClock "1:30"]
[BlackElo "1853"]
[BlackCountry "ESP"]
[BlackFideId "24524131"]
[BlackEloChange "-6"]

1. d4 {[%clk 1:30:00]} Nf6 {[%clk 1:30:00]} 2. Nf3 {[%clk 1:31:00]} g6 {[%clk
1:31:00]} 3. Nbd2 {[%clk 1:31:00]} Bg7 {[%clk 1:31:00]} 4. e4 {[%clk 1:32:00]}
O-O {[%clk 1:19:00]} 5. Bd3 {[%clk 1:32:00]} d6 {[%clk 1:17:00]} 6. O-O {[%clk
1:32:00]} e5 {[%clk 1:11:00]} 7. dxe5 {[%clk 1:29:00]} dxe5 {[%clk 1:11:00]} 8.
Nxe5 {[%clk 1:29:00]} Nxe4 {[%clk 1:00:00]} 9. Nxf7 {[%clk 1:28:00]} Rxf7 {[%clk
0:56:00]} 10. Nxe4 {[%clk 1:26:00]} Rf8 {[%clk 0:45:00]} 11. c3 {[%clk 1:24:00]}
Nc6 {[%clk 0:41:00]} 12. Bc4+ {[%clk 1:19:00]} Kh8 {[%clk 0:40:00]} 13. Qxd8
{[%clk 1:18:00]} Nxd8 {[%clk 0:40:00]} 14. Be3 {[%clk 1:13:00]} Be6 {[%clk
0:36:00]} 15. Bxe6 {[%clk 1:12:00]} Nxe6 {[%clk 0:36:00]} 16. Rad1 {[%clk
1:11:00]} Rad8 {[%clk 0:30:00]} 17. Ng5 {[%clk 1:09:00]} Nxg5 {[%clk 0:28:00]}
18. Bxg5 {[%clk 1:10:00]} Rde8 {[%clk 0:27:00]} 19. Rd2 {[%clk 1:08:00]} Be5
{[%clk 0:25:00]} 20. Be3 {[%clk 1:06:00]} Bxh2+ {[%clk 0:23:00]} 21. Kxh2 {[%clk
1:04:00]} Rxe3 {[%clk 0:23:00]} 22. fxe3 {[%clk 1:05:00]} Rxf1 {[%clk 0:24:00]}
23. Rd7 {[%clk 1:02:00]} Rf2 {[%clk 0:22:00]} 24. b4 {[%clk 0:59:00]} Rxa2 {[%clk
0:22:00]} 25. Rxc7 {[%clk 1:00:00]} b5 {[%clk 0:22:00]} 26. Kg3 {[%clk 0:59:00]}
a5 {[%clk 0:15:40]} 27. Rc5 {[%clk 0:57:00]} a4 {[%clk 0:14:59]} 28. Rxb5 {[%clk
0:55:00]} Rc2 {[%clk 0:15:02]} 29. Rc5 {[%clk 0:54:00]} a3 {[%clk 0:15:19]} 30.
Kf3 {[%clk 0:53:00]} a2 {[%clk 0:15:09]} 31. Ra5 {[%clk 0:54:00]} Rxc3 {[%clk
0:15:13]} 32. Rxa2 {[%clk 0:54:00]} Rb3 {[%clk 0:15:22]} 33. Ra8+ {[%clk
0:54:00]} Kg7 {[%clk 0:15:49]} 34. Ra7+ {[%clk 0:54:00]} Kf6 {[%clk 0:16:01]} 35.
Rxh7 {[%clk 0:53:00]} Rxb4 {[%clk 0:16:26]} 36. Rd7 {[%clk 0:53:00]} g5 {[%clk
0:15:52]} 37. Rd4 {[%clk 0:51:00]} Rb6 {[%clk 0:14:39]} 38. g4 {[%clk 0:51:00]}
Ke5 {[%clk 0:13:57]} 39. Rd8 {[%clk 0:48:00]} Rf6+ {[%clk 0:12:42]} 40. Ke2
{[%clk 0:48:00]} Ra6 {[%clk 0:11:51]} 41. Rf8 {[%clk 0:47:00]} Ke4 {[%clk
0:11:08]} 42. Re8+ {[%clk 0:45:00]} Kd5 {[%clk 0:11:17]} 43. Rg8 {[%clk 0:43:00]}
Ke4 {[%clk 0:11:38]} 44. Re8+ {[%clk 0:41:00]} Kd5 {[%clk 0:11:58]} 45. Kf3
{[%clk 0:39:00]} Rf6+ {[%clk 0:12:09]} 46. Kg3 {[%clk 0:39:00]} Rg6 {[%clk
0:12:09]} 47. Rf8 {[%clk 0:39:00]} Ke4 {[%clk 0:12:31]} 48. Re8+ {[%clk 0:39:00]}
1/2-1/2